| 000 | 01153nam a2200289 i 4500 | ||
|---|---|---|---|
| 001 | 197734 | ||
| 003 | ES-MaACL | ||
| 005 | 20250901063143.0 | ||
| 008 | 250509b2024 sp ||||| |||| 00| 0 spa d | ||
| 020 | _a0799192179952 | ||
| 040 |
_bspa _cES-MaACL |
||
| 100 | 1 |
_aPinchi Ramírez, Zully _9241291 _eaut |
|
| 245 |
_aLa campaña del amor : _bun candidato presidencial entre el deseo y la corrupción / _cZully Pinchi. |
||
| 250 | _aPrimera edición: agosto 2024 | ||
| 260 |
_a[s. l.] : _bLibros de pastel, _c2024. |
||
| 300 |
_a94 páginas ; _c20 cm. |
||
| 336 |
_2rdacontent _atexto |
||
| 337 |
_2rdamedia _asin mediación |
||
| 338 |
_2rdacarrier _avolumen |
||
| 655 | 0 |
_9234319 _aNovelas |
|
| 852 |
_aES-MaACL _cDEPOJ _jN-10598 _gDedicatoria autógrafa de la autora _hDonación: Zully Pinchi _xEncuadernación rústica con solapas _9206721 |
||
| 903 |
_9241291 _aPinchi Ramírez, Zully _ednr |
||
| 942 |
_cMONOGRAFIA _n0 |
||
| 999 |
_c197734 _d197734 |
||